| 000 | 00782nam a2200229 u 4500 | ||
|---|---|---|---|
| 005 | 20220622063656.0 | ||
| 008 | 160628s2003 es r 000 0 spa d | ||
| 020 | _a9788424111458 | ||
| 035 | _aUPN01000211737 | ||
| 049 | _aI | ||
| 050 | 4 |
_aPZ76.3 _bL3.63 |
|
| 100 | 1 |
_aLaw, Felicia _932119 |
|
| 245 | 1 | 0 |
_aPapá piernas largas / _cFelicia Law ; il. Claire Philpott ; tr. María Nevares Domínguez. |
| 260 |
_aEspaña : _bEverest, _c2003. |
||
| 300 |
_a29 p. : _bil. col. |
||
| 440 | 0 | _aBambú, Terciopelo y Pico | |
| 534 |
_pTítulo original : _tBamboo, Velvet and Beak : the daddy-long -legs |
||
| 650 | 0 |
_aAnimales _vCuentos y leyendas _9234 |
|
| 650 | 4 |
_aARAÑAS - _vLITERATURA INFANTIL _911140 |
|
| 650 | 4 |
_aINSECTOS - _xCOLECCION Y PRESERVACION _923870 |
|
| 905 | _aInfantil | ||
| 999 |
_c183838 _d183838 |
||